Countries Containing Letters ANA - Statistics

General Stats
  • This quiz has been taken 44 times
    21 since last reset
  • The average score is 2 of 5
Answer Stats
Answer % Correct
Panama
71%
Canada
50%
Botswana
43%
Ghana
43%
Guyana
29%
No matching quizzes found
Score Distribution
Percent of People with Each Score
Percentile by Number Answered
Your Score History
You have not taken this quiz since the last reset